| 000 | 00530nam a22002057a 4500 | ||
|---|---|---|---|
| 003 | OSt | ||
| 005 | 20140310181745.0 | ||
| 008 | 130607t xxu||||| |||| 00| 0 eng d | ||
| 022 | _29781407575643 | ||
| 050 |
_aTX 765 _b.B168 2009 |
||
| 082 |
_aM 641.815 _bB168 2009 |
||
| 245 |
_aBaking Bible : _bfrom oven to the table / |
||
| 260 |
_aUK : _bParragon, _c2009. |
||
| 300 |
_a224 p. : _bcol. ; _c26 cm |
||
| 521 | _acollege students | ||
| 526 | _c1210L-1700L | ||
| 541 | _j1 | ||
| 562 | _e1 | ||
| 942 |
_2lcc _cBK _kM |
||
| 999 |
_c2931 _d2931 |
||